000 00550pam a2200205 a 4500
020 _c435.00 (Hard Cover)
040 _aDental College Lib
041 _aeng
_h
082 _a611.01
_bMEL
100 _aMelfi, Rudy C.
245 _aPermar`s Oral Embryology and Microscopic Anatomy /
_c.
_hTextual Documents
250 _a8th ed /
_b.
260 _aPhiladelphia :
_blea & Febiger ,
_c1988.
300 _a362 ;
_c.
365 _a435.00
653 _aEmbryology
930 _a1003
999 _c40406
_d40406